| 000 | 00434nam a2200145 i 4500 | ||
|---|---|---|---|
| 001 | 22618 | ||
| 003 | ES-MaACL | ||
| 007 | t| | ||
| 008 | 021203s1974 sp ||||1| gao d | ||
| 100 | 1 |
_aAlonso Montero, Xesús. _920364 |
|
| 245 | 1 | 0 |
_aPedro Petouto _b: traballos e cavilacios dun mestre subversivo / _cXesús Alonso Montero. |
| 260 |
_a[Madrid] : _bAkal, _c[1974] |
||
| 300 |
_a59 p. ; _c17 cm. |
||
| 852 |
_aES-MaACL _jE-6428 _bR.91126 |
||
| 999 |
_c22618 _d22618 |
||